Pernštejn

Titel: Pernštejn : státní hrad a okolí / Zdeněk Kudělka
Verfasser:
Veröffentlicht: [Praha : Sportovní a Turistické Nakladatelství], 1958
Umfang: 33 S. : Ill.
Format: Buch
Sprache: Tschechisch
Schlagworte:
Kein Bild verfügbar
X
Lokale Klassifikation: 23 8 P 146
alg: 18161268
001A    $03004:09-10-06 
001B    $01999:25-10-24 $t18:08:16.000 
001C    $03004:09-10-06 $t09:12:15.000 
001D    $03004:09-10-06 
001U    $0utf8 
001X    $00 
002@    $0Aau 
003@    $0181612682 
003O    $0615169781 $aOCoLC 
007A    $0181612682 $aHEB 
007T    $0Herdhh181612682 
010@    $acze 
011@    $a1958 
021A    $aPernštejn $dstátní hrad a okolí $hZdeněk Kudělka 
028A    $D20231015 $Ecgwrk $7129267473 $8Kudělka, Zdeněk$Z1926-2000 [Tp1] $9122896424 
033A    $p[Praha $nSportovní a Turistické Nakladatelství] 
034D    $a33 S. 
034M    $aIll. 
044K    $#Pernštejna  $#Pernštejnové  $7119462885 $8$PPernstein$cvon$lFamilie : 1100-1631 [Tp1] $9087802600 
044K    $RNedvědice $#Pernštejn $#Pernštejn Nedvědice $77751236-4 $8Pernstein [Tg1] $9267946317 

lok: 18161268 24
101B    $009-10-06 $t09:12:15.000 
101C    $009-10-06 
145Z/01 $a23 8 P 146 
101U    $0utf8 

exp: 18161268 24 1 #EPN
201B/01 $009-10-06 $t09:12:15.000 
201C/01 $009-10-06 
203@/01 $046511671X 
208@/01 $a09-10-06 $br 
209A/01 $a23 VIII P 146 $du $f050 $h23 8 P 146 $x00 
209C/01 $a126 K 59 $h59 0126 K 
209G/01 $a71555488 $x00 
220C/01 $akol 
247C/01 $8358050-7 Marburg, Bibliothek des Herder-Instituts Marburg $9102600961 
201U/01 $0utf8 

lok: 18161268 78

exp: 18161268 78 1 #EPN
201B/01 $006-11-19 $t15:19:57.000 
201U/01 $0utf8 
203@/01 $0792925300 
208@/01 $a12-11-16 $be 
209A/01 $a/ $f000 $x00 
209A/01 $ab*p $x01 
220C/01 $apgar 
237A/01 $aweiterführende Signatur(en): Herder-Institut: 23 VIII P 146 
244Z/01 $#Böhmische Kronländer $#Länder der Böhmischen Krone $#Sudetenland $#Böhmen $#Mähren $#Mährisch-Schlesien $#Österreichisch-Schlesien $#Tschechische Sozialistische Republik Böhmische Länder $#Tschechei Böhmische Länder $#Země koruny české $74069573-6 $8--Tg1--Böhmische Länder $x01 $9085195553 
247C/01 $82080>Marburg/Lahn, Herder-Institut, Forschungsbibliothek, Bibliographieportal $9336309341
LEADER 00000cam a2200000 c 4500
001 181612682
003 DE-603
005 20241025180816.0
007 tu
008 061009s1958 xx |||| | u00||u|cze c
035 |a (DE-599)HEB181612682 
035 |a (OCoLC)615169781 
040 |a DE-603  |b ger  |c DE-603  |d DE-603 
041 |a cze 
100 1 |a Kudělka, Zdeněk  |d 1926-2000  |0 (DE-603)122896424  |0 (DE-588)129267473  |2 gnd 
245 0 0 |a Pernštejn  |b státní hrad a okolí  |c Zdeněk Kudělka 
264 1 |a [Praha  |b Sportovní a Turistické Nakladatelství]  |c 1958 
300 |a 33 S.  |b Ill. 
600 3 7 |a Pernstein von  |c Familie : 1100-1631  |0 (DE-588)119462885  |0 (DE-603)087802600  |2 gnd 
651 7 |a Pernstein  |0 (DE-588)7751236-4  |0 (DE-603)267946317  |2 gnd 
924 0 |9 Mb 50  |a (DE-603)46511671X  |b DE-Mb50  |c HES  |d c  |g 23 VIII P 146 
924 0 |9 2080  |a (DE-603)792925300  |b DE-2080  |c HES  |d d  |g /